<?xml version="1.0" encoding="UTF-8"?>
<record
    xmlns:xsi="http://www.w3.org/2001/XMLSchema-instance"
    xsi:schemaLocation="http://www.loc.gov/MARC21/slim http://www.loc.gov/standards/marcxml/schema/MARC21slim.xsd"
    xmlns="http://www.loc.gov/MARC21/slim">

  <leader>     nam a22     7a 4500</leader>
  <datafield tag="999" ind1=" " ind2=" ">
    <subfield code="c">336571</subfield>
    <subfield code="d">336571</subfield>
  </datafield>
  <controlfield tag="003">IT-MiCISF</controlfield>
  <controlfield tag="005">20170403172246.0</controlfield>
  <controlfield tag="008">170403b        xxu||||| |||| 00| 0 eng d</controlfield>
  <datafield tag="040" ind1=" " ind2=" ">
    <subfield code="c">IT-MiCISF</subfield>
  </datafield>
  <datafield tag="041" ind1=" " ind2=" ">
    <subfield code="a">it</subfield>
  </datafield>
  <datafield tag="100" ind1=" " ind2=" ">
    <subfield code="a">Gerardi Adele (a cura di)</subfield>
    <subfield code="9">56343</subfield>
  </datafield>
  <datafield tag="245" ind1=" " ind2=" ">
    <subfield code="a">XXL. Un territorio formato famiglia</subfield>
    <subfield code="b">I distretti famiglia del Trentino. 10 storie ed esperienze</subfield>
  </datafield>
  <datafield tag="260" ind1=" " ind2=" ">
    <subfield code="a">Rovereto (TN)</subfield>
    <subfield code="b">GreenTrenDesign</subfield>
    <subfield code="c">2015</subfield>
  </datafield>
  <datafield tag="300" ind1=" " ind2=" ">
    <subfield code="a">pp. 131</subfield>
  </datafield>
  <datafield tag="500" ind1=" " ind2=" ">
    <subfield code="a">famiglia, lavoro, territorio, societ&#xE0;, esperienze, politica-familiare</subfield>
  </datafield>
  <datafield tag="520" ind1=" " ind2=" ">
    <subfield code="a">Questo volume corrisponde a un nuovo concept editoriale di &#x201C;libro collettivo&#x201D;, composto, cio&#xE8;, da storie di comunit&#xE0; che proseguono, dopo l&#x2019;esordio della prima pubblicazione (Figli e lavoro si pu&#xF2;), nel solco della narrazione delle buone pratiche delle politiche familiari promosse dalla Provincia autonoma di Trento. Se nella precedente pubblicazione il focus era stato posto sulle misure di conciliazione tra famiglia e lavoro, ora &#xE8; stato spostato sulla coralit&#xE0; dei territori family friendly, i cosiddetti Distretti famiglia, a tutt&#x2019;oggi esistenti in Italia solo nella provincia di Trento. Le storie sono quelle raccontate dai coordinatori dei Distretti, cio&#xE8; coloro che su base volontaria si sono assunti la responsabilit&#xE0; di avviare la rete del Distretto nella rispettiva Comunit&#xE0; di valle. </subfield>
  </datafield>
  <datafield tag="650" ind1=" " ind2=" ">
    <subfield code="a">politica-familiare</subfield>
    <subfield code="9">56074</subfield>
  </datafield>
  <datafield tag="654" ind1=" " ind2=" ">
    <subfield code="a">testimonianza</subfield>
  </datafield>
  <datafield tag="942" ind1=" " ind2=" ">
    <subfield code="2">ddc</subfield>
    <subfield code="c">BK</subfield>
  </datafield>
  <datafield tag="952" ind1=" " ind2=" ">
    <subfield code="0">0</subfield>
    <subfield code="1">0</subfield>
    <subfield code="2">ddc</subfield>
    <subfield code="4">0</subfield>
    <subfield code="6">A_2137_000000000000000</subfield>
    <subfield code="7">1</subfield>
    <subfield code="a">CISF</subfield>
    <subfield code="b">CISF</subfield>
    <subfield code="d">2017-04-03</subfield>
    <subfield code="l">0</subfield>
    <subfield code="o">a2137</subfield>
    <subfield code="r">2017-04-03 00:00:00</subfield>
    <subfield code="w">2017-04-03</subfield>
    <subfield code="y">BK</subfield>
  </datafield>
</record>
